Gözlemevi hikayeleri : (Record no. 13096)

MARC details
000 -BAŞLIK
Sabit Uzunlukta Kontrol Alanı 00782nam a2200229 4500
999 ## - SİSTEM KONTROL NUMARALARI (KOHA)
Koha Biblionumber 13096
Koha Biblioitemnumber 13096
003 - KONTROL NUMARASI IDENTIFIER
Denetim Alanı MIRAKIL
005 - SON İŞLEM TARİHİ VE ZAMANI
Denetim Alanı 20190328155811.0
008 - SABİT-BOY VERİ ELEMANLARI - GENEL BİLGİLER
Sabit Uzunlukta Kontrol Alanı 190328b tu ||||| |||| 00| 0 tur d
020 ## - ULUSLARARASI STANDART KİTAP NUMARASI
Uluslararası Standart Kitap Numarası 9754583577
040 ## - KATALOGLAMA KAYNAK
Orijinal Kataloglama Ajansı TR-AnCHP
Metne Dönüştürmek Ajansı TR-AnCHP
041 ## - DİL KODU
Metin / Ses Parça Veya Ayrı Başlığın Dil Kodu tur
082 ## - DEWEY ONLU SINIFLANDIRMA NUMARASI
Sınıflandırma Numarası 823.914
Ürün Numarası C26g 2003
100 ## - ANA GİRİŞ - KİŞİSEL İSİM
Kişisel Ad Carey, Edward
245 10 - BAŞLIK TABLOSU
Başlık Gözlemevi hikayeleri :
Sorumluluk Tablosu, Vb Edward Carey ; çeviren: Esin Eşkinat
260 ## - YAYIN, DAĞITIM, VB
Yayın, Dağıtım, Vb Yeri İstanbul :
Yayıncı, Dağıtıcı, Vs Adı Türkiye İş Bankası Kültür yayınları,
Yayın, Dağıtım, Vb Tarihi 2003.
300 ## - FİZİKSEL TANIM
Kapsam 351 s. :
Boyutlar 19 sm.
490 0# - SERİSİ TABLOSU
Seri Beyanı Türkiye İş Bankası Kültür yayınları ;
-- Edebiyat dizisi ;
Hacim / Ardışık Tanımı genel yayın: 617
-- 224.
500 ## - GENEL NOT
Genel Not Özgün yapıt adı: Observatory mansions.
650 #0 - KONU KATMA GİRİŞ - TOPİKAL DÖNEM
9 (RLIN) 5124
Topikal Süreli Veya Coğrafi Ad Giriş Elemanı İngiliz edebiyatı
Genel Alt Bölümü Roman
700 ## - KATMA GİRİŞ - KİŞİSEL İSİM
9 (RLIN) 5585
Kişisel Ad Eşkinat, Esin.
Relator Terim çev.
942 ## - EKLENDİ GİRİŞ ELEMANLARI (KOHA)
Sınıflandırma Veya Raf Düzeni Kaynak Dewey Decimal Classification
Koha Öğesi Türü Books
Holdings
Kalıcı Konum Mevcut Konum Edinme Tarihi Toplam Check-Out'Lar Tam Çağrı Numarası Barkod Tarih Son Görülme İtibaren Geçerli Fiyatlar Koha Öğesi Türü
CHP Kütüphanesi CHP Kütüphanesi 03/28/2019   823.914 C26g 2003 019125 03/28/2019 03/28/2019 Books